| 000 | 01568cam a2200397 4500 | ||
|---|---|---|---|
| 003 | PE-LiUPU | ||
| 005 | 20250731183437.0 | ||
| 020 | _a8837031815 | ||
| 035 | _a(Sirsi) i9788837031817 | ||
| 035 | _a(Sirsi) 48397 | ||
| 035 | _a(Sirsi) 48397 | ||
| 041 | _ait | ||
| 044 | _ait | ||
| 082 | 0 | 4 |
_a720.9 _bR58 |
| 100 | 1 | _aRiggen Martínez, Antonio | |
| 245 |
_aLuis Barragán, 1902-1988 / _cAntonio Riggen Martínez. |
||
| 264 | 1 |
_aMilano : _bElecta, _c1996 |
|
| 300 |
_a255 páginas : _bilustraciones ; _c29 cm. |
||
| 504 | _aIncluye referencias bibliográficas. | ||
| 505 | 0 | _aIl baleno della bellezza -- Introduzione a Barragán -- Guadalajara, tapatíos, mediterraneitá (1924 -- 1934) La villa per Efraín González Luna -- Bargán e la sua cittá (1945 -- 1952) Los jardines del pedregal -- Alla ricerca di Minguilla. | |
| 526 | _aP158 | ||
| 526 | _aP146 | ||
| 526 | _aP17 | ||
| 526 | _aP12 | ||
| 526 | _aP06 | ||
| 600 |
_aBarragan, Luis _d1902-1988 |
||
| 650 | 1 | 4 |
_aArquitectos _zMéxico _vBiografía |
| 700 | 1 |
_aBarragan, Luis _d1902-1988. |
|
| 942 |
_2ddc _cBOOK |
||
| 949 |
_a720.9 R58 _i66342 _lCCODEBUL1 _mBUL _tLIBRO _o.STAFF. Colección general |
||
| 859 |
_q66342 _h720.9 _iR58 |
||
| 910 |
_afsr _b _cjck _d20130108 |
||
| 596 | _a1 | ||
| 999 |
_a720.9 R58 _wDEWEY _c54603 _i66342 _d54603 _e2019-8-25 _f2021-11-9 _g7 _lCCODEBUL1 _mBUL _n5 _p124.00 _q3 _r0 _sY _tBOOK _u2015-7-6 _xINGENIERIA _PP06 _0COMPRA _o.STAFF. Colección General |
||
| 980 |
_81 _gALBERTO SANCHEZ Responsable de Automatización |
||